European Countries by Economy - Statistics

General Stats
  • This quiz has been taken 216 times
  • The average score is 33 of 44
Answer Stats
GDP Answer Hint % Correct
5.2 T Germany G
100%
3.6 T France F
98%
4.3 T Russia R
98%
2.2 T Spain S
97%
3.4 T United Kingdom U
97%
1.5 T Poland P
96%
2.9 T Italy I
95%
1.2 T Netherlands N
94%
715 B Belgium B
89%
707 B Romania R
85%
739 B Switzerland S
83%
633 B Ireland I
82%
674 B Sweden S
82%
582 B Austria A
81%
419 B Denmark D
80%
398 B Hungary H
79%
423 B Norway N
79%
509 B Czech Republic C
77%
321 B Finland F
76%
402 B Portugal P
76%
381 B Ukraine U
76%
211 B Slovakia S
74%
378 B Greece G
73%
201 B Belarus B
72%
129 B Lithuania L
72%
195 B Bulgaria B
70%
70 B Latvia L
70%
67 B Estonia E
69%
163 B Serbia S
69%
5 B Andorra A
68%
145 B Croatia C
68%
102 B Slovenia S
67%
49 B Albania A
66%
2 B San Marino S
66%
6 B Liechtenstein L
65%
90 B Luxembourg L
63%
8 B Monaco M
62%
60 B Bosnia and Herzegovina B
61%
44 B Moldova M
61%
40 B North Macedonia N
60%
25 B Kosovo K
59%
15 B Montenegro M
59%
28 B Malta M
58%
24 B Iceland I
57%
No matching quizzes found
Score Distribution
Percent of People with Each Score
Percentile by Number Answered
Your Score History
You have not taken this quiz